000 00458nam a2200169Ia 4500
003 GCL
008 140319s9999 xx 000 0 ara d
040 _aGCL /
_cGCL
082 0 4 _a361
_bا ر
245 1 0 _aالرعاية الاجتماعية والمواطن
300 _a350
490 _aالالف كتاب
_v0
650 0 4 _aالرعاية الصحية
650 0 4 _aالخدمة الاجتماعية
650 0 4 _aالاعانات
942 _2ddc
_cBK
999 _c43031
_d43031